000 00545nam a2200193Ia 4500
003 LDD
008 181029s9999 xx 000 0 und d
020 _a1846280311
_cE82.95
040 _cLDD
100 _aMorisio, Maurizio
245 0 _aDeveloping Services for the Wireless Internet
_cMaurizio Morisio
260 _bSpringer
_c2006
300 _aviii, 161p
365 _bE 82.95
901 _a3833
_b09-02-2007
902 _a8964
_b08-03-2007
_cF
_dOP
_e4
903 _aDiscount-10
_bReqst by : Shashi Bhushan
942 _2ddc
_cBK
999 _c78561
_d78561